ORGANIC CHEMISTRY (Record no. 13636)

MARC details
000 -LEADER
fixed length control field 00354nam a22001697a 4500
003 - CONTROL NUMBER IDENTIFIER
control field SGT
020 ## - INTERNATIONAL STANDARD BOOK NUMBER
International Standard Book Number 978-81-775-8541-4
082 ## - DEWEY DECIMAL CLASSIFICATION NUMBER
Classification number 615.19
Item number O17F
100 ## - MAIN ENTRY--PERSONAL NAME
Personal name FINAR,I.L
245 ## - TITLE STATEMENT
Title ORGANIC CHEMISTRY
250 ## - EDITION STATEMENT
Edition statement 21ST
260 ## - PUBLICATION, DISTRIBUTION, ETC. (IMPRINT)
Place of publication, distribution, etc NEW DELHI
Name of publisher, distributor, etc PEARSON
Year of Publication 2017
300 ## - PAGE DESCRIPTION
No. of Pages 956
650 ## - SUBJECT ADDED ENTRY--TOPICAL TERM
Topical term or geographic name as entry element PHARMACY
653 ## - KEYWORDS--INDEX TERM
Keyword term CHEMISTRY
942 ## - ADDED ENTRY ELEMENTS (KOHA)
Source of classification or shelving scheme Dewey Decimal Classification
Koha item type Books
942 ## - ADDED ENTRY ELEMENTS (KOHA)
-- 3
Holdings
Withdrawn status Lost status Source of classification or shelving scheme Damaged status Use restrictions Not for loan Collection code Home library Current library Shelving location Date acquired Vendor Name Cost, normal purchase price Volume Information (Serial or Books or Non-Book Material) SGTU Bill Number Full call number Accession No. (Barcode) Date last seen Bill Date Koha item type Total Checkouts Date last borrowed
    Dewey Decimal Classification   Restricted Access   PHARMACY SGT FA-FP Library SGT FA-FP Library Reference Book 03/10/2017 AHUJA PUB 959.00 2 SGTU 8796 615.19 O17F FP2638 03/10/2017 16/09/2017 Books    
    Dewey Decimal Classification       PHARMACY SGT FA-FP Library SGT FA-FP Library Text Book 03/10/2017 AHUJA PUB 959.00 2 SGTU 8796 615.19 O17F FP2639 22/04/2025 16/09/2017 Books 7 18/04/2025